| 000 | 00790nam a2200205 i 4500 | ||
|---|---|---|---|
| 001 | 91701 | ||
| 003 | ES-MaACL | ||
| 005 | 20250809063509.0 | ||
| 007 | t| | ||
| 008 | 050208s1990 sp ||||1| spa d | ||
| 080 | _a262.14(460)"18" | ||
| 100 | 1 |
_aVilar, Juan Bautista, _d1941-2018 _9114797 |
|
| 245 | 1 | 0 |
_aAlgunas noticias sobre el clero español en la Argelia francesa, en vísperas de la Ley de Naturalización Automática de 1889 / _cpor Juan Bta. Vilar. |
| 260 |
_a[Madrid] : _bCentro de Estudios Históricos, Departamento de Historia de la Iglesia, _c[1990] |
||
| 300 |
_ap. 531-536 ; _c24 cm. |
||
| 500 | _aSeparata de: Hispania Sacra, vol. 42, 1990. | ||
| 650 | 1 | 4 |
_aClero- _zEspaña- _yS.XIX. _911117 |
| 852 |
_aES-MaACL _j2186-F-7 _bR.135346 |
||
| 999 |
_c91701 _d91701 |
||